000 00564nam a2200193 a 4500
005 20220603063557.0
008 991125s1996 mx 000 0 spa u
020 _a9681647254
035 _aUPN01000039683
049 _aI
050 4 _aPZ74
_bH458
100 1 _aHeck, Elisabeth
245 1 0 _aMirko y el mamut /
_cElisabeth Heck ; tr. Mela Cevallos.
260 _aMéxico :
_bFCE,
_c1996.
300 _a33 p. :
_bil.
440 0 _aA la orilla del viento.
_pPara los que están aprendiendo a leer ;
_v79
650 4 _aCuentos infantiles
_96744
905 _aInfantil
999 _c39683
_d39683